Biblioteca y Centro de Documentación

La nueva ordenación sobre despidos colectivos (Registro nro. 43488)

Detalles MARC
000 -CABECERA
Longitud fija campo de control 00955naa a2200265 c 4500
001 - NÚMERO DE CONTROL
Número de control 43488
003 - IDENTIFICADOR DE NÚMERO DE CONTROL
Identificador del número de control ES-MaCES
005 - FECHA Y HORA DE LA ÚLTIMA TRANSACCIÓN
Fecha y hora de la última transacción 20121123144800.0
008 - CAMPO FIJO DE DESCRIPCIÓN FIJA--INFORMACIÓN GENERAL
Códigos de información de longitud fija   121123n2012 sp t 000 | spa d
035 ## - NÚMERO DE CONTROL DEL SISTEMA
Número de control del sistema CES20120011002v
040 ## - FUENTE DE CATALOGACIÓN
Centro catalogador de origen ES-MaCES
Lengua de catalogación spa
Centro transcriptor ES-MaCES
100 1# - ENCABEZAMIENTO PRINCIPAL--NOMBRE PERSONAL
Nombre de persona Barrio Calle, María Asunción
9 (RLIN) 7180
245 13 - MENCIÓN DE TÍTULO
Título La nueva ordenación sobre despidos colectivos
Resto del título : cuestiones candentes
Mención de responsabilidad, etc. Mª Asunción Barrio Calle
500 ## - NOTA GENERAL
Nota general Resumen en español e inglés
650 #4 - ASIENTO SECUNDARIO DE MATERIA--TÉRMINO DE MATERIA
Término de materia o nombre geográfico como elemento inicial España
9 (RLIN) 26964
650 #4 - ASIENTO SECUNDARIO DE MATERIA--TÉRMINO DE MATERIA
Término de materia o nombre geográfico como elemento inicial procedimiento administrativo
9 (RLIN) 30919
650 #4 - ASIENTO SECUNDARIO DE MATERIA--TÉRMINO DE MATERIA
Término de materia o nombre geográfico como elemento inicial despido por causas objetivas
9 (RLIN) 31585
650 #4 - ASIENTO SECUNDARIO DE MATERIA--TÉRMINO DE MATERIA
Término de materia o nombre geográfico como elemento inicial mercado de trabajo
9 (RLIN) 28292
650 #4 - ASIENTO SECUNDARIO DE MATERIA--TÉRMINO DE MATERIA
Término de materia o nombre geográfico como elemento inicial despido colectivo
9 (RLIN) 28359
653 10 - TÉRMINO DE INDEXACIÓN--NO CONTROLADO
Término no controlado Relaciones laborales-Empleo
773 0# - ENTRADA DE DOCUMENTO FUENTE
Título Aranzadi social
Parte(s) relacionada(s) n. 5 (sept. 2012){10650 R. 082310}; p. 189-211
Número de control del registro relacionado (ES-MaCES)25655
Itemnumber del ítem fuente 67552
902 ## - CES. TIPO DE DOCUMENTO
Tipodoc (006$c Sirtex) ART Artículo de revista
942 ## - ELEMENTOS KOHA
Fuente de clasificaión o esquema Clasificación propia del CES
Koha [por defecto] tipo de item Artículos (1982-2017)
Parte de clasificación 2.0.

No hay ítems disponibles.

© CES, Consejo Económico y Social de España 2021